000 00612cam a22002053a 4500
001 40046
003 PGUSA
005 20140828083907.0
008 120620s2012||||xxu|||||s|||||000 | eng d
040 _aPGUSA
_beng
042 _adc
100 1 _aTyler, William N.,
_d1838-1910
245 1 4 _aThe Dispatch Carrier and Memoirs of Andersonville Prison
_h[electronic resource] /
_cWilliam N. Tyler
260 _bProject Gutenberg,
_c2012
506 _aPublic domain in the USA.
516 _aElectronic text
830 0 _aProject Gutenberg
_v40046
856 4 0 _uhttp://www.gutenberg.org/ebooks/40046
942 _cEB
999 _c269299
_d269299